| 000 | 00934nam a22002417a 4500 | ||
|---|---|---|---|
| 003 | OSt | ||
| 005 | 20160509133831.0 | ||
| 008 | 160509s2015 ua ||||f b||| 00| 0 ara d | ||
| 020 | _a978977103154 | ||
| 020 | _a9789773724774 | ||
| 040 |
_aMa-Un _bara _cDar Arab |
||
| 082 | 0 | 4 |
_a216.4 _bز م م _221 |
| 100 | 1 |
_aالزغبي، محمد عبد الملك _954839 |
|
| 245 | 1 | 0 |
_aموسوعة رد العلماء علي الملاحدة والجهلاء / _cتأليف محمد بن عبد الملك الزغبي. |
| 250 | _aط. 1. | ||
| 260 |
_aالقاهرة : _bدار الغد الجديد، _c2015. |
||
| 300 |
_a576 ص. ؛ _c24 سم. |
||
| 504 | _aيشتمل علي إرجاعات ببليوجرافية. | ||
| 650 | 4 |
_aالإسلام _xدفع مطاعن _955196 |
|
| 650 | 4 |
_aالشريعة الإسلامية _xدفع مطاعن _955195 |
|
| 650 | 4 |
_aالإسلام والإلحاد والملحدون _948705 |
|
| 942 | _cBOOK | ||
| 999 |
_c39343 _d273843 |
||